Big and Small States Quiz Stats

 Plays Quiz Updated Nov 9, 2018

Support Sporcle.
Go Orange.
Score 0/40 Timer 02:00
13 Plays Today
State % Correct
California
98.3%
California
98.3%
Texas
98%
Texas
98%
New York
93.7%
Alaska
93.2%
Alaska
93%
Rhode Island
90.6%
Rhode Island
90.2%
Florida
86.5%
Montana
80.8%
Montana
80.7%
Vermont
75.2%
Vermont
75.2%
Delaware
74.8%
Delaware
74.7%
Wyoming
72.2%
Wyoming
72%
New Hampshire
72%
New Hampshire
72%
State % Correct
Arizona
68%
Connecticut
67.7%
Hawaii
67.1%
Maine
65.7%
Illinois
64.5%
Colorado
63.2%
New Mexico
62.7%
New Jersey
62.3%
North Dakota
60.7%
Nevada
60.6%
Ohio
60.4%
Massachusetts
59.8%
Pennsylvania
59.2%
South Dakota
57.8%
Maryland
56.3%
Michigan
54%
Georgia
50.7%
Oregon
50.3%
North Carolina
36.2%
West Virginia
34.2%

From the Vault

Hamburger Helper Meals: Real or Fake?

by zalkon2004

For the lazy chef in all of us.
Remove Ads.
Support Sporcle.
Get the best of Sporcle when you Go Orange. This ad-free experience offers more features, more stats, and more fun while also helping to support Sporcle. Thank you for becoming a member.

Show Comments

Extras

Top Quizzes Today


Score Distribution

Your Account Isn't Verified!

In order to create a playlist on Sporcle, you need to verify the email address you used during registration. Go to your Sporcle Settings to finish the process.

Report this User

Report this user for behavior that violates our Community Guidelines.

Details: